Zmena straníckeho systému v Španielsku?
Španielsky stranícky systém bol od pádu generála Franca ovládaný dvomi politickými stranami. Išlo o Socialistickú stranu a Ľudovú stranu, resp. jej predchodcov. V priebehu posledných piatich rokov došlo k zásadnej zmene v politickej mape Španielska. Presadzujú sa dva vplyvné politické hnutia – ľavic...
Gespeichert in:
| 1. Verfasser: | |
|---|---|
| Format: | Buchkapitel |
| Sprache: | Slowakisch |
| Schlagworte: | |
| Tags: |
Keine Tags, Fügen Sie das erste Tag hinzu!
|
MARC
| LEADER | 00000nla a2200000 4500 | ||
|---|---|---|---|
| 001 | 0223150 | ||
| 005 | 20240502073642.3 | ||
| 041 | 0 | |a slo | |
| 044 | |a SK | ||
| 245 | 1 | 0 | |a Zmena straníckeho systému v Španielsku? |c Rudolf Kucharčík |
| 520 | |a Španielsky stranícky systém bol od pádu generála Franca ovládaný dvomi politickými stranami. Išlo o Socialistickú stranu a Ľudovú stranu, resp. jej predchodcov. V priebehu posledných piatich rokov došlo k zásadnej zmene v politickej mape Španielska. Presadzujú sa dva vplyvné politické hnutia – ľavicové hnutie Podemos a pravicový liberálny politický subjekt Ciudadamos. Ich budúcnosť je otázna, keďže ani vo voľbách v roku 2015 a ani v roku 2016 nedokázali osloviť rozhodujúcu skupinu voličov. | ||
| 610 | 2 | 0 | |a strany politické |
| 610 | 2 | 0 | |a voľby |
| 610 | 2 | 0 | |a parlamenty |
| 610 | 2 | 0 | |a Španielsko |
| 100 | 1 | |a Kucharčík, Rudolf, 1977- | |